000 00952nas a2200289 4500
001 BR9203499
003 BR-BrBNA
005 20231205092644.0
007 ta
008 230509b bl.|||p| |||| 00| 00por d
040 _aBR-BrBNA
_bpor
_cBiblioteca Nacional de Agricultura
041 _a(Pt)
072 _aL73
100 1 _aSilva, N.R.S. da
100 1 _aChaplin, E.L.
100 1 _aAraujo, F.A.P.
100 1 _aMendes, L.D.V.
245 1 _aFrequencia de anticorpos de toxoplasma gondii em soros de bovino de leite da grande Porto Alegre, Rio Grande do Sul
650 _aGADO LEITEIRO
650 _aTOXOPLASMOSE
650 _aANTICORPO
650 _aRIO GRANDE DO SUL
650 _aPORTO ALEGRE
773 0 _tArquivos da Faculdade de Veterinaria da Universidade Federal do Rio Grande do Sul (Brazil)
_xISSN 0101-5230
_g(Dec 1982-1983), v. 10-11 p. 81-84
_wBR9203499
909 _a202311
_bLúcia
_c55
_dLúcia Elande
942 _2AGRIS
_n0
_cANA
999 _c133179
_d133179